• 首页
  • 本馆介绍
  • 公告通知
  • 最新文献
  • 馆藏检索
  • 电子资源
  • 读者导购
  • 参考咨询
  • 我的图书馆
  • 登录
  • 详细信息显示
  • 放入我的书架
  • 预约/预借图书
  • 作者相关作品
  • 分类相关作品
  • 丛书相关作品
  • 出版社相关作品

书目信息

  • 表格格式
  • 工作单格式
  • 卡片格式
题名:
弃园内外
    
 
作者: 周策纵 著
分册:  
出版信息: 广州   广东人民出版社  2017
页数: 340页
开本: 22cm
丛书名:
单 册:
中图分类: C53 , I217.2
科图分类:
主题词: 社会科学--文集 , 文艺--作品综合集--中国--当代
电子资源:
ISBN: 978-7-218-11687-7
000 00864nam0 2200253 450
001 4122
005 20180527220437.85
010    @a978-7-218-11687-7@b精装@dCNY69.00
100    @a20171018d2017 em y0chiy50 ea
101 0  @achi
102    @aCN@b440000
105    @aa z 000zy
200 1  @a弃园内外@9qi yuan nei wai@f周策纵著
210    @a广州@c广东人民出版社@d2017
215    @a340页@c彩图,照片@d22cm
300    @a世界华文大家经典
330    @a《弃园内外》为周策纵的作品选集集,由其弟子王润华组织编辑,内容涉及周策纵的治学经历回顾、五四学、红学研究、训诂考证、文论等,又特别涉及周策纵创作的诗歌、书法、篆刻、绘画,等等。
606 0  @a社会科学@j文集
606 0  @a文艺@x作品综合集@y中国@z当代
690    @aC53@v5
690    @aI217.2@v5
701  0 @a周策纵@9zhou ce zong@f(1916-2007)@4著
801  0 @aCN@b91MARC@c20171018
905    @aMuseLib@dC53@e365
    
    弃园内外/周策纵著.-广州:广东人民出版社,2017
    340页:彩图,照片;22cm
    世界华文大家经典
    
    ISBN 978-7-218-11687-7(精装):CNY69.00
    《弃园内外》为周策纵的作品选集集,由其弟子王润华组织编辑,内容涉及周策纵的治学经历回顾、五四学、红学研究、训诂考证、文论等,又特别涉及周策纵创作的诗歌、书法、篆刻、绘画,等等。
●
相关链接 在E读中查询图书 在五车中查询图书 在当当中查询图书 在豆瓣中查询图书


正题名:弃园内外     索取号:C53/365         预约/预借

序号 登录号 条形码 馆藏地/架位号 状态 备注
1 1111974   211119742   第一样本阅览室/ [索取号:C53/365] 在馆    
2 1111975   211119751   教育系资料室/ [索取号:C53/365] 在馆    
3 1111976   211119760   教育系资料室/ [索取号:C53/365] 在馆    
4 1111977   211119779   第一借阅区/ [索取号:C53/365] 在馆    
唐山师范学院图书馆 欢迎您!
大连网信软件有限公司© 版权所有